| 000 | 01180cam a2200217 4500500 | ||
|---|---|---|---|
| 005 | 20251228065642.0 | ||
| 041 | _afre | ||
| 042 | _adc | ||
| 100 | 1 | 0 |
_aGrand, David _eauthor |
| 245 | 0 | 0 | _aLe non-recours aux services sociaux dans le cadre des expulsions locatives |
| 260 | _c2022. | ||
| 500 | _a30 | ||
| 520 | _aComment expliquer que des habitants en situation d’expulsion locative pour impayés de loyer ne recourent pas aux services sociaux alors qu’ils ont été interpellés par ces derniers ? C’est ce que le présent article, sur la base d’une enquête auprès des principaux intéressés, souhaite donner à voir en dépliant les formes du non-recours, ceci pour questionner les publics, les pratiques des intervenants sociaux mais aussi leur institution. | ||
| 690 | _aexpulsions locatives pour impayés de loyer | ||
| 690 | _ainstitution | ||
| 690 | _aNon-recours | ||
| 690 | _apratiques professionnelles | ||
| 690 | _apublic | ||
| 786 | 0 | _nVST - Vie sociale et traitements | 155 | 3 | 2022-07-29 | p. 87-92 | 0396-8669 | |
| 856 | 4 | 1 | _uhttps://shs.cairn.info/revue-vie-sociale-et-traitements-2022-3-page-87?lang=fr&redirect-ssocas=7080 |
| 999 |
_c1591959 _d1591959 |
||